Relfection on the french revolution and other Essays / (Record no. 186098)

000 -LEADER
fixed length control field 00740 a2200193 4500
003 - CONTROL NUMBER IDENTIFIER
control field Nust
005 - DATE AND TIME OF LATEST TRANSACTION
control field 20230125181250.0
040 ## - CATALOGING SOURCE
Transcribing agency Nust
082 ## - DEWEY DECIMAL CLASSIFICATION NUMBER
Classification number 824,BUR
100 ## - MAIN ENTRY--PERSONAL NAME
Personal name Edmund Burke
9 (RLIN) 107685
245 ## - TITLE STATEMENT
Title Relfection on the french revolution and other Essays /
Statement of responsibility, etc. Edmund Burke
250 ## - EDITION STATEMENT
Edition statement 1st ed
260 ## - PUBLICATION, DISTRIBUTION, ETC.
Place of publication, distribution, etc. J.M. Dent & Sons Ltd
Name of publisher, distributor, etc. New York
Date of publication, distribution, etc. 1935
300 ## - PHYSICAL DESCRIPTION
Extent xv,361 ,p.;
Other physical details 18 cm
505 ## - FORMATTED CONTENTS NOTE
Formatted contents note Reflection on the Revolution in France (Page-1), A Letter from Mr. Burke to a Member of the National Assembly (Page-245), Thoughts on French Affairs (Page-285), Notes to Reflections on the Revolution in France (Page-331).
600 ## - SUBJECT ADDED ENTRY--PERSONAL NAME
Personal name Edmund Burke
9 (RLIN) 107685
650 ## - SUBJECT ADDED ENTRY--TOPICAL TERM
Topical term or geographic name entry element Relfection on the french revolution
9 (RLIN) 107686
942 ## - ADDED ENTRY ELEMENTS (KOHA)
Source of classification or shelving scheme
Koha item type Book
Holdings
Withdrawn status Lost status Source of classification or shelving scheme Damaged status Not for loan Permanent Location Current Location Shelving location Date acquired Full call number Barcode Date last seen Price effective from Koha item type Public note
          Military College of Signals (MCS) Military College of Signals (MCS) General Stacks 12/12/2016 824,BUR MCS30123 12/08/2016 12/12/2016 Book Almirah No.58, Shelf No.1
          Military College of Signals (MCS) Military College of Signals (MCS) General Stacks 12/12/2016 824,BUR MCS30124 12/08/2016 12/12/2016 Book Almirah No.58, Shelf No.1
© 2023 Central Library, National University of Sciences and Technology. All Rights Reserved.